[Event "Panevezys op-A"]
[Site "Panevezys"]
[Date "2008.08.16"]
[Round "7"]
[White "Godlauskas, Kazys"]
[Black "Zebelis, Rimantas"]
[Result "1-0"]
[WhiteElo "2262"]
[BlackElo "1994"]
[PlyCount "75"]
[EventDate "2008.08.12"]
[EventType "swiss"]
[EventRounds "9"]
[EventCountry "LTU"]
[SourceTitle "CBM 125 Extra"]
[Source "ChessBase"]
[SourceDate "2008.09.01"]
[SourceVersion "1"]
[SourceVersionDate "2008.09.01"]
[SourceQuality "1"]

1. e4 d6 2. d4 Nf6 3. Nc3 g6 4. Nf3 c6 5. a4 a5 6. Be2 Bg4 7. 0-0 Bg7 8. h3 Bxf3 9. Bxf3 Qc7 10. Be3 0-0 11. Qd2 e6 12. Rfe1 Nfd7 13. Rad1 Nb6 14. b3 d5 15. Bf4 Qd8 16. exd5 cxd5 17. Nb5 Na6 18. Qxa5 Rc8 19. Nd6 Rc6 20. c4 Qd7 21. c5 Nc8 22. Nxc8 Rcxc8 23. Qd2 Nb8 24. Be2 h5 25. Bb5 Nc6 26. b4 Rfe8 27. Rb1 f6 28. Bd6 Qf7 29. Bxc6 bxc6 30. b5 g5 31. b6 Qb7 32. Qe2 h4 33. Qg4 Kf7 34. Rb3 Ra8 35. Rbe3 Qd7 36. Rxe6 Bf8 37. Qh5+ Kg7 38. Rxe8 1-0

[Event "Panevezys op-A"]
[Site "Panevezys"]
[Date "2008.08.15"]
[Round "5"]
[White "Godlauskas, Kazys"]
[Black "Malisauskas, Vidmantas"]
[Result "1/2-1/2"]
[WhiteElo "2262"]
[BlackElo "2476"]
[PlyCount "38"]
[EventDate "2008.08.12"]
[EventType "swiss"]
[EventRounds "9"]
[EventCountry "LTU"]
[SourceTitle "CBM 125 Extra"]
[Source "ChessBase"]
[SourceDate "2008.09.01"]
[SourceVersion "1"]
[SourceVersionDate "2008.09.01"]
[SourceQuality "1"]

1. e4 Nf6 2. Nc3 d5 3. e5 Ne4 4. Nce2 f6 5. d3 Ng5 6. f4 Nf7 7. d4 c5 8. c3 Nc6 9. Be3 cxd4 10. cxd4 e6 11. Nf3 Be7 12. Nc3 Qb6 13. Qd2 Bd7 14. Bd3 Na5 15. 0-0 Rc8 16. exf6 Bxf6 17. Ne5 Bxe5 18. fxe5 Nc4 19. Bxc4 Rxc4 1/2-1/2

[Event "Panevezys op-A"]
[Site "Panevezys"]
[Date "2008.08.15"]
[Round "6"]
[White "Klimciauskas, Domantas"]
[Black "Godlauskas, Kazys"]
[Result "1/2-1/2"]
[WhiteElo "2222"]
[BlackElo "2262"]
[PlyCount "52"]
[EventDate "2008.08.12"]
[EventType "swiss"]
[EventRounds "9"]
[EventCountry "LTU"]
[SourceTitle "CBM 125 Extra"]
[Source "ChessBase"]
[SourceDate "2008.09.01"]
[SourceVersion "1"]
[SourceVersionDate "2008.09.01"]
[SourceQuality "1"]

1. e4 e6 2. d4 d5 3. Nc3 Nf6 4. Bg5 Be7 5. e5 Nfd7 6. Bxe7 Qxe7 7. Qd2 a6 8. f4 Nb6 9. Nf3 Bd7 10. Bd3 Nc6 11. a3 0-0-0 12. 0-0-0 Kb8 13. g4 Na5 14. f5 Nac4 15. Qf4 f6 16. exf6 Qxf6 17. Bxc4 Nxc4 18. Ne5 exf5 19. Nxd5 Qd6 20. Nxc4 Qxd5 21. Nb6 Qa2 22. Nxd7+ Rxd7 23. c3 fxg4 24. Qxg4 Rf7 25. Rhe1 Rhf8 26. Qe6 Qxe6 1/2-1/2

[Event "Panevezys op-A"]
[Site "Panevezys"]
[Date "2008.08.13"]
[Round "2"]
[White "Pomaro, Stefano"]
[Black "Godlauskas, Kazys"]
[Result "0-1"]
[WhiteElo "1882"]
[BlackElo "2262"]
[PlyCount "52"]
[EventDate "2008.08.12"]
[EventType "swiss"]
[EventRounds "9"]
[EventCountry "LTU"]
[SourceTitle "CBM 125 Extra"]
[Source "ChessBase"]
[SourceDate "2008.09.01"]
[SourceVersion "1"]
[SourceVersionDate "2008.09.01"]
[SourceQuality "1"]

1. e4 e6 2. Nf3 d5 3. e5 c5 4. b4 b6 5. d4 Qd7 6. bxc5 bxc5 7. Ba3 Ba6 8. Bxa6 Nxa6 9. Qe2 Qa4 10. 0-0 Be7 11. dxc5 Rc8 12. Nd4 Nxc5 13. Nb5 a6 14. N1c3 Qa5 15. Qg4 axb5 16. Bb4 Nh6 17. Qxg7 Qxb4 18. Qxh8+ Kd7 19. Qxh7 Qxc3 20. Qxh6 Ne4 21. Qf4 Ke8 22. h4 Rc4 23. Qh6 Qxe5 24. Rfe1 Bc5 25. Rf1 Nxf2 26. Rxf2 Qxa1+ 0-1

[Event "EU-Cup 23rd"]
[Site "Kemer"]
[Date "2007.10.07"]
[Round "5.2"]
[White "Thorfinnsson, Bjorn"]
[Black "Godlauskas, Kazys"]
[Result "1-0"]
[WhiteElo "2323"]
[BlackElo "2273"]
[PlyCount "50"]
[EventDate "2007.10.03"]
[EventType "team-swiss"]
[EventRounds "7"]
[EventCountry "TUR"]
[SourceTitle "CBM 121"]
[Source "ChessBase"]
[SourceDate "2007.11.14"]
[SourceVersion "1"]
[SourceVersionDate "2007.11.14"]
[SourceQuality "1"]
[WhiteTeam "Reykjavik Hellir"]
[BlackTeam "Plunge Bokstas"]
[WhiteTeamCountry "ISL"]
[BlackTeamCountry "LTU"]

1. d4 Nf6 2. Bg5 e6 3. e4 Be7 4. Nd2 d5 5. e5 Nfd7 6. Be3 c5 7. c3 Nc6 8. f4 g5 9. fxg5 Bxg5 10. Bf2 cxd4 11. cxd4 Qb6 12. Ngf3 Be7 13. Rb1 f6 14. Bd3 Nb4 15. Qe2 0-0 16. 0-0 Nxd3 17. Qxd3 fxe5 18. dxe5 Qb4 19. Bd4 b6 20. a3 Qa4 21. b3 Qa6 22. Qe3 Nc5 23. b4 Na4 24. Nb3 Bd7 25. Qh6 Be8 1-0

[Event "Kaunas op"]
[Site "Kaunas"]
[Date "2007.08.11"]
[Round "7"]
[White "Jegorovas, Aleksandras"]
[Black "Godlauskas, Kazys"]
[Result "1/2-1/2"]
[WhiteElo "2290"]
[BlackElo "2256"]
[PlyCount "24"]
[EventDate "2007.08.07"]
[EventType "swiss"]
[EventRounds "9"]
[EventCountry "LTU"]
[SourceTitle "CBM 119 Extra"]
[Source "ChessBase"]
[SourceDate "2007.09.04"]
[SourceVersion "1"]
[SourceVersionDate "2007.09.04"]
[SourceQuality "1"]

1. d4 Nf6 2. c4 e6 3. Nf3 b6 4. g3 Ba6 5. b3 Bb4+ 6. Bd2 Be7 7. Nc3 d5 8. cxd5 exd5 9. Bg2 0-0 10. 0-0 Bb7 11. Rc1 Ne4 12. Bf4 Na6 1/2-1/2

[Event "Kaunas op"]
[Site "Kaunas"]
[Date "2007.08.10"]
[Round "6"]
[White "Godlauskas, Kazys"]
[Black "Kaunas, Kestutis"]
[Result "1-0"]
[WhiteElo "2256"]
[BlackElo "2273"]
[PlyCount "90"]
[EventDate "2007.08.07"]
[EventType "swiss"]
[EventRounds "9"]
[EventCountry "LTU"]
[SourceTitle "CBM 119 Extra"]
[Source "ChessBase"]
[SourceDate "2007.09.04"]
[SourceVersion "1"]
[SourceVersionDate "2007.09.04"]
[SourceQuality "1"]

1. e4 Nf6 2. e5 Nd5 3. d4 d6 4. c4 Nb6 5. exd6 exd6 6. Nf3 Be7 7. Be2 Bg4 8. h3 Bh5 9. 0-0 Nc6 10. b3 0-0 11. Nc3 Re8 12. Be3 h6 13. g4 Bg6 14. Qd2 Nd7 15. d5 Nb4 16. Nd4 Bf6 17. Rac1 Nc5 18. f4 Qe7 19. Rf3 Bd3 20. Bxd3 Nbxd3 21. Nf5 Qd7 22. Rb1 g6 23. Nxh6+ Kh7 24. g5 Rxe3 25. Rxe3 Bd4 26. Kh2 Bxe3 27. Qxe3 Re8 28. Qg3 f5 29. b4 Ne4 30. Nxe4 Rxe4 31. Qxd3 Qe8 32. Rb2 Re3 33. Qd4 Re4 34. Qf2 Re1 35. Nf7 Qe4 36. Qh4+ Kg7 37. Qh8+ Kxf7 38. Qf6+ Ke8 39. Qxg6+ Kd7 40. Qe6+ Qxe6 41. dxe6+ Kxe6 42. Kg3 Re3+ 43. Kh4 Re4 44. Kh5 Kf7 45. c5 d5 1-0

[Event "Kaunas op"]
[Site "Kaunas"]
[Date "2007.08.08"]
[Round "2"]
[White "Dainauskas, Juozas"]
[Black "Godlauskas, Kazys"]
[Result "0-1"]
[WhiteElo "1999"]
[BlackElo "2256"]
[PlyCount "69"]
[EventDate "2007.08.07"]
[EventType "swiss"]
[EventRounds "9"]
[EventCountry "LTU"]
[SourceTitle "CBM 119 Extra"]
[Source "ChessBase"]
[SourceDate "2007.09.04"]
[SourceVersion "1"]
[SourceVersionDate "2007.09.04"]
[SourceQuality "1"]

1. e4 e6 2. d4 d5 3. Nd2 c5 4. exd5 Qxd5 5. Ngf3 cxd4 6. Bc4 Qd6 7. 0-0 Nc6 8. Nb3 Nf6 9. Nbxd4 Nxd4 10. Nxd4 a6 11. c3 Qc7 12. Qe2 Bd7 13. Bg5 0-0-0 14. a4 Kb8 15. Rfc1 Bd6 16. h3 Bh2+ 17. Kh1 Bf4 18. Bxf4 Qxf4 19. Re1 Rc8 20. Bd3 Rc5 21. Qe3 Qc7 22. c4 Rd8 23. b4 Rh5 24. Be2 Re5 25. Qc3 Nd5 26. Qb2 Nf4 27. b5 a5 28. b6 Qd6 29. Red1 f6 30. Bf3 Qc5 31. Qd2 Ng6 32. Nb3 Qxb6 33. Rab1 Qb4 34. Qd4 Nf8 35. Bxb7 0-1

[Event "LTU-ch sf"]
[Site "Vilnius"]
[Date "2007.02.21"]
[Round "8"]
[White "Beinoras, Mindaugas"]
[Black "Godlauskas, Kazys"]
[Result "1-0"]
[WhiteElo "2222"]
[BlackElo "2269"]
[PlyCount "77"]
[EventDate "2007.02.16"]
[EventType "swiss"]
[EventRounds "9"]
[EventCountry "LTU"]
[SourceTitle "EXT 2010"]
[Source "ChessBase"]
[SourceDate "2010.11.25"]
[SourceVersion "1"]
[SourceVersionDate "2010.11.25"]
[SourceQuality "1"]

1. c4 Nf6 2. Nc3 c5 3. Nf3 e6 4. g3 b6 5. Bg2 Bb7 6. 0-0 Be7 7. Re1 d6 8. e4 a6 9. d4 cxd4 10. Nxd4 Qc7 11. Be3 Nbd7 12. f4 Rc8 13. Rc1 Qb8 14. b3 g6 15. Bf2 Qa8 16. Qe2 0-0 17. g4 Rfe8 18. Bg3 e5 19. fxe5 dxe5 20. Nc2 b5 21. Nd5 Bc5+ 22. Kh1 bxc4 23. bxc4 Bxd5 24. exd5 e4 25. g5 Nh5 26. Qg4 f5 27. gxf6 Ndxf6 28. Qg5 Nxg3+ 29. Qxg3 Qa7 30. Qg5 Kg7 31. Rf1 Rf8 32. Rce1 h6 33. Qg3 Qe7 34. Bh3 Bd6 35. Qg2 Kh7 36. Bxc8 Rxc8 37. Ne3 Nh5 38. Qg4 Rd8 39. Nf5 1-0

[Event "Krakow op-A"]
[Site "Krakow"]
[Date "2006.01.02"]
[Round "7"]
[White "Godlauskas, Kazys"]
[Black "Skalski, Michal"]
[Result "0-1"]
[WhiteElo "2240"]
[BlackElo "2342"]
[PlyCount "74"]
[EventDate "2005.12.27"]
[EventType "swiss"]
[EventRounds "9"]
[EventCountry "POL"]
[SourceTitle "CBM 110 Extra"]
[Source "ChessBase"]
[SourceDate "2006.03.10"]
[SourceVersion "2"]
[SourceVersionDate "2006.03.10"]
[SourceQuality "1"]

1. e4 c5 2. Nf3 d6 3. d4 cxd4 4. Nxd4 Nf6 5. Nc3 Nc6 6. Be2 g6 7. g4 Bg7 8. Nb3 0-0 9. Be3 a6 10. g5 Nd7 11. 0-0 b6 12. f4 Bb7 13. Bf3 Rc8 14. Bg2 b5 15. Qe1 Nb6 16. Rd1 b4 17. Nd5 Nc4 18. f5 e6 19. f6 exd5 20. exd5 N6e5 21. Bc1 Re8 22. Qxb4 Rb8 23. Qc3 Bf8 24. Rd4 Rc8 25. Qh3 Qd7 26. Qh4 Qb5 27. Qh3 Rc7 28. Kh1 Nb6 29. Rf2 Bxd5 30. Bxd5 Nxd5 31. Rh4 Qd7 32. Rxh7 Qxh3 33. Rxh3 Nc4 34. Kg2 Nde3+ 35. Kg1 Nd5 36. Kg2 Nde3+ 37. Kg1 Ng4 0-1

[Event "Krakow op-A"]
[Site "Krakow"]
[Date "2005.12.30"]
[Round "5"]
[White "Lubczynski, Rafal"]
[Black "Godlauskas, Kazys"]
[Result "1/2-1/2"]
[WhiteElo "2361"]
[BlackElo "2240"]
[PlyCount "90"]
[EventDate "2005.12.27"]
[EventType "swiss"]
[EventRounds "9"]
[EventCountry "POL"]
[SourceTitle "CBM 110 Extra"]
[Source "ChessBase"]
[SourceDate "2006.03.10"]
[SourceVersion "2"]
[SourceVersionDate "2006.03.10"]
[SourceQuality "1"]

1. Nf3 Nf6 2. g3 b6 3. Bg2 Bb7 4. 0-0 e6 5. b3 Be7 6. Bb2 c5 7. c4 d6 8. Nc3 0-0 9. d4 cxd4 10. Qxd4 a6 11. Rfd1 Qc7 12. Rac1 Nbd7 13. g4 e5 14. Qd2 Nxg4 15. Nd5 Bxd5 16. cxd5 Qd8 17. Rc6 b5 18. Ba3 Nb8 19. Rc2 e4 20. Bh3 Nxf2 21. Kxf2 exf3 22. exf3 Nd7 23. Kg2 Ne5 24. f4 Ng6 25. Rc6 a5 26. Bc1 Bf6 27. Qd3 b4 28. Re1 Bc3 29. Re4 Qf6 30. Qe2 Rfd8 31. Rc7 Nh4+ 32. Kh1 Nf5 33. Qd3 g6 34. Qe2 Rac8 35. Rc6 Kg7 36. Ra6 Ra8 37. Rc6 Nd4 38. Qc4 Nxc6 39. Qxc6 Qh4 40. Kg2 Qf6 41. Be3 Ba1 42. Bd7 Qb2+ 43. Kg3 Qb1 44. Re7 Qe1+ 45. Kg2 Qe2+ 1/2-1/2

[Event "Krakow op-A"]
[Site "Krakow"]
[Date "2005.12.29"]
[Round "3"]
[White "Moranda, Wojciech"]
[Black "Godlauskas, Kazys"]
[Result "1-0"]
[WhiteElo "2451"]
[BlackElo "2240"]
[PlyCount "101"]
[EventDate "2005.12.27"]
[EventType "swiss"]
[EventRounds "9"]
[EventCountry "POL"]
[SourceTitle "CBM 110 Extra"]
[Source "ChessBase"]
[SourceDate "2006.03.10"]
[SourceVersion "2"]
[SourceVersionDate "2006.03.10"]
[SourceQuality "1"]

1. d4 Nf6 2. c4 e6 3. Nc3 Bb4 4. f3 d5 5. a3 Bxc3+ 6. bxc3 c5 7. cxd5 Nxd5 8. dxc5 Qa5 9. e4 Ne7 10. Be3 0-0 11. Qb3 Qc7 12. a4 Nd7 13. Qa3 Nc6 14. Bb5 Na5 15. Nh3 Ne5 16. Bd4 Nec6 17. Nf2 e5 18. Be3 Be6 19. 0-0 Nb3 20. Rad1 Nca5 21. Rd5 a6 22. Be2 Rac8 23. Qb4 Bxd5 24. exd5 Nxc5 25. d6 Qxd6 26. Qxa5 Nb3 27. Qb4 Qxb4 28. cxb4 Nd4 29. Bxd4 exd4 30. Ne4 Rc2 31. Bd3 Rb2 32. b5 axb5 33. axb5 Ra8 34. Rd1 b6 35. Bc4 Rd8 36. Ng5 Rd7 37. Nxf7 Kf8 38. Ne5 Ra7 39. Bf1 Ke8 40. Nc4 Rb4 41. Nxb6 Ra2 42. Nc4 Kf8 43. Ne5 Rbb2 44. f4 g6 45. h3 Ke7 46. Nc6+ Kd6 47. Nxd4 Kc5 48. Ne6+ Kb6 49. Rd6+ Kb7 50. Nc5+ Kc7 51. Ra6 1-0

[Event "EU-ch 6th"]
[Site "Warsaw"]
[Date "2005.06.27"]
[Round "9"]
[White "Godlauskas, Kazys"]
[Black "Lanzani, Mario"]
[Result "1/2-1/2"]
[WhiteElo "2193"]
[BlackElo "2356"]
[PlyCount "75"]
[EventDate "2005.06.18"]
[EventType "swiss"]
[EventRounds "13"]
[EventCountry "POL"]
[SourceTitle "CBM 108"]
[Source "ChessBase"]
[SourceDate "2005.09.26"]
[SourceVersion "1"]
[SourceVersionDate "2005.09.26"]
[SourceQuality "1"]

1. e4 c6 2. d4 d5 3. exd5 cxd5 4. c4 Nf6 5. Nc3 g6 6. Qb3 Bg7 7. cxd5 0-0 8. Be2 Nbd7 9. Bf3 Qb6 10. Qxb6 Nxb6 11. d6 exd6 12. Nge2 d5 13. h3 Bf5 14. 0-0 Be4 15. Bxe4 Nxe4 16. Nxe4 dxe4 17. Be3 Nd5 18. a3 f5 19. g3 Rac8 20. Rfc1 b6 21. Kf1 Kf7 22. Ke1 Ke6 23. Kd2 Kd7 24. h4 h6 25. Nc3 Nxc3 26. Rxc3 Rxc3 27. bxc3 Rc8 28. Kc2 Kd6 29. Kb3 Kd5 30. a4 a6 31. Rg1 h5 32. Rc1 Rc4 33. Bg5 Bf8 34. Be3 Be7 35. Rc2 Bd8 36. Ra2 Rc8 37. Rc2 Rc4 38. Ra2 1/2-1/2

[Event "EU-ch 6th"]
[Site "Warsaw"]
[Date "2005.06.22"]
[Round "5"]
[White "Szewczak, Andrzej"]
[Black "Godlauskas, Kazys"]
[Result "0-1"]
[WhiteElo "1995"]
[BlackElo "2193"]
[PlyCount "138"]
[EventDate "2005.06.18"]
[EventType "swiss"]
[EventRounds "13"]
[EventCountry "POL"]
[SourceTitle "CBM 108"]
[Source "ChessBase"]
[SourceDate "2005.09.26"]
[SourceVersion "1"]
[SourceVersionDate "2005.09.26"]
[SourceQuality "1"]

1. e4 e6 2. d4 d5 3. exd5 exd5 4. Bd3 Bd6 5. Ne2 Bg4 6. f3 Bh5 7. Nf4 Bxf4 8. Bxf4 Ne7 9. Nd2 0-0 10. 0-0 Bg6 11. Nb3 Nd7 12. Re1 Bxd3 13. Qxd3 Ng6 14. Bg3 c6 15. Re3 Re8 16. Rxe8+ Qxe8 17. Re1 Qd8 18. Qf5 Ndf8 19. Nc5 Qb6 20. b3 Qb4 21. Bf2 b6 22. Nd7 Ne6 23. Rxe6 fxe6 24. Qxe6+ Kh8 25. Qxc6 Rd8 26. Ne5 Nxe5 27. dxe5 Qf4 28. Qc3 d4 29. Qe1 d3 30. cxd3 Rc8 31. Qe2 Rc1+ 32. Be1 Rc5 33. Qe4 Qxe4 34. fxe4 Rxe5 35. Bb4 Re6 36. Kf2 Kg8 37. Ke3 Rh6 38. h3 Rg6 39. Kf3 Kf7 40. g4 Rh6 41. d4 a5 42. Be1 Rxh3+ 43. Bg3 b5 44. Kf2 Rh6 45. d5 a4 46. e5 Ra6 47. b4 g5 48. e6+ Kf6 49. Kf3 Ra8 50. Ke4 Rc8 51. Be5+ Ke7 52. Bd4 Rc2 53. a3 Re2+ 54. Kf5 Kd6 55. Bc5+ Kxd5 56. e7 Re6 57. Kxg5 Ke5 58. Kh5 Kd5 59. Kg5 Kc6 60. Kf4 Kd7 61. Kg5 Ke8 62. Kh5 Kf7 63. Kg5 Re1 64. Kh6 Rh1+ 65. Kg5 Ra1 66. Kh6 Rxa3 67. e8Q+ Kxe8 68. Kxh7 Rg3 69. Kg6 Rxg4+ 0-1

[Event "EU-ch 6th"]
[Site "Warsaw"]
[Date "2005.06.19"]
[Round "2"]
[White "Godlauskas, Kazys"]
[Black "Pavlovic, Milos"]
[Result "0-1"]
[WhiteElo "2193"]
[BlackElo "2475"]
[PlyCount "88"]
[EventDate "2005.06.18"]
[EventType "swiss"]
[EventRounds "13"]
[EventCountry "POL"]
[SourceTitle "CBM 108"]
[Source "ChessBase"]
[SourceDate "2005.09.26"]
[SourceVersion "1"]
[SourceVersionDate "2005.09.26"]
[SourceQuality "1"]

1. e4 c5 2. Nf3 d6 3. d4 cxd4 4. Nxd4 Nf6 5. Nc3 a6 6. Be2 e5 7. Nb3 Be7 8. 0-0 0-0 9. Kh1 Nc6 10. Be3 Be6 11. f3 Na5 12. Nxa5 Qxa5 13. Qd2 Qc7 14. a4 Rfd8 15. a5 Qc6 16. Bb6 Rd7 17. Qe3 Re8 18. Rfd1 h5 19. f4 Bg4 20. Bf3 Bd8 21. Ba7 Bxf3 22. gxf3 exf4 23. Qxf4 d5 24. exd5 Nxd5 25. Nxd5 Rxd5 26. Rxd5 Qxd5 27. Rg1 g6 28. Bd4 Re2 29. Rg2 Re1+ 30. Rg1 Bc7 31. Qf6 Be5 32. Bxe5 Rxe5 33. Rf1 Qxa5 34. Rd1 Re1+ 35. Rxe1 Qxe1+ 36. Kg2 Qd2+ 37. Kg3 Qxc2 38. Qd8+ Kh7 39. Qd7 Qb3 40. Kf4 b5 41. Qa7 a5 42. Qxa5 Qxb2 43. Kg3 b4 44. Qd5 Kg7 0-1